000 00605nam a2200193Ia 4500
005 20250508153411.0
008 008 250505s9999 xx 000 0 eng d
037 _aBooks to be hide in OPAC
040 _aFEDL
_beng
_cFEDL
041 _aeng
_2eng
084 _a370.1503, IND/O
_qFEDL
245 0 _aProvisional list of technical terms in Hindi : Education
245 0 _cIndia. Ministry of Education
260 _aDelhi, India
_bGanga Printing Press
_c1959
300 _a54p
650 _aEducation - Psychology
_9755527
942 _cHB
_h370.1503, IND/O
999 _c1342589
_d1342589